000 00582nam a2200217Ia 4500
003 OSt
005 20220923230852.0
006 a|||||r|||| 00| 0
007 ta
008 Pun
024 _a306,187
037 _cTextual
040 _aARTS
_cARTS
_bPun
041 _2Pun
_aPun
082 _aO153,1NDHx, L7
100 _aਢਿੱਲੋ੍ਵ, ਮਨਮੋਹਨ ਸਿੰਘ
245 0 _aਨਵੀ੍ਵ ਰੁੱਤ
260 _c1977
942 _hO153,1NDHx, L7
_cTEXL
_2CC
999 _c387974
_d387974